Ngựa Thái /
Shranjeno v:
| Glavni avtor: | |
|---|---|
| Drugi avtorji: | , |
| Format: | Knjiga |
| Jezik: | Vietnamese English |
| Izdano: |
Hà Nội :
Lao động,
1997.
|
| Teme: | |
| Oznake: |
Označite
Brez oznak, prvi označite!
|
| Thư viện lưu trữ: | Mạng thư viện Đại học Đà Nẵng |
|---|
| LEADER | 00919cam a2200361 i 4500 | ||
|---|---|---|---|
| 001 | 000046563 | ||
| 003 | 6061 | ||
| 005 | 20030930093252.0 | ||
| 008 | 010307b1997 vm 000 vie | ||
| 020 | |c 63000 | ||
| 040 | |a IRC |c IRC |d IRC | ||
| 041 | 1 | |a vie |h eng | |
| 082 | 1 | 4 | |a 823 |b DI-W |
| 100 | 1 | |a Diehl, Wiliam. | |
| 245 | 0 | 0 | |a Ngựa Thái / |c Wiliam Diehl ; Anh Tuấn, Quốc Tuấn dịch. |
| 260 | |a Hà Nội : |b Lao động, |c 1997. | ||
| 300 | |a 614tr. ; |c 19cm. | ||
| 630 | 0 | 4 | |a Tiểu thuyết. |
| 630 | 0 | 4 | |a Văn học Anh. |
| 630 | 0 | 4 | |a Wiliam Diehl. |
| 650 | 0 | 4 | |a Tiểu thuyết Anh. |
| 700 | 1 | |a Anh Tuấn, |e dịch. | |
| 700 | 1 | |a Quốc Tuấn, |e dịch. | |
| OWN | |a DUT | ||
| 999 | |a From the UDN01 | ||
| TYP | |a Monograph | ||
| TYP | |a Printed language | ||
| 980 | |a Mạng thư viện Đại học Đà Nẵng | ||